MARC details
| 000 -LEADER |
| fixed length control field |
01500cam a2200409Ia 4500 |
| 001 - CONTROL NUMBER |
| control field |
7387144 |
| 003 - CONTROL NUMBER IDENTIFIER |
| control field |
TR-AnTOB |
| 005 - DATE AND TIME OF LATEST TRANSACTION |
| control field |
20231128084400.0 |
| 008 - FIXED-LENGTH DATA ELEMENTS--GENERAL INFORMATION |
| fixed length control field |
981015s1998 enk 000 1 eng d |
| 020 ## - INTERNATIONAL STANDARD BOOK NUMBER |
| International Standard Book Number |
0099276585 |
|
| International Standard Book Number |
9780099276586 |
| 035 ## - SYSTEM CONTROL NUMBER |
| System control number |
(OCoLC)40116879 |
| Canceled/invalid control number |
(OCoLC)49976373 |
|
| System control number |
ucoclc40116879 |
| 040 ## - CATALOGING SOURCE |
| Original cataloging agency |
GZM |
| Language of cataloging |
eng |
| Transcribing agency |
TR-AnTOB |
| Modifying agency |
OCL |
| -- |
OCLCQ |
| -- |
NLGGC |
| -- |
YDXCP |
| -- |
OCLCQ |
| -- |
AU@ |
| -- |
OCLCQ |
| -- |
ITJCU |
| -- |
CLU |
| -- |
UtOrBLW |
| Description conventions |
rda |
| 041 ## - LANGUAGE CODE |
| Language code of text/sound track or separate title |
İngilizce |
| 043 ## - GEOGRAPHIC AREA CODE |
| Geographic area code |
e-uk-en |
| 049 ## - LOCAL HOLDINGS (OCLC) |
| Holding library |
[Sontag] CLUS |
| Secondary bibliographic subdivision |
SON |
| Notes about holdings |
Collection 892, box 829 |
| 050 #4 - LIBRARY OF CONGRESS CALL NUMBER |
| Classification number |
PR6063.C4 |
| Item number |
E53 1998c |
| 084 ## - OTHER CLASSIFICATION NUMBER |
| Classification number |
18.05 |
| Number source |
bcl |
| 090 ## - LOCALLY ASSIGNED LC-TYPE CALL NUMBER (OCLC); LOCAL CALL NUMBER (RLIN) |
| Classification number (OCLC) (R) ; Classification number, CALL (RLIN) (NR) |
PR6063.C4 |
| Local cutter number (OCLC) ; Book number/undivided call number, CALL (RLIN) |
E53 1998c |
| 100 1# - MAIN ENTRY--PERSONAL NAME |
| Personal name |
McEwan, Ian. |
| 245 10 - TITLE STATEMENT |
| Title |
Enduring love : |
| Remainder of title |
a novel / |
| Statement of responsibility, etc. |
Ian McEwan. |
| 264 ## - PRODUCTION, PUBLICATION, DISTRIBUTION, MANUFACTURE, AND COPYRIGHT NOTICE |
| Place of production, publication, distribution, manufacture |
London : |
| Name of producer, publisher, distributor, manufacturer |
Vintage, |
| Date of production, publication, distribution, manufacture, or copyright notice |
1998. |
| 300 ## - PHYSICAL DESCRIPTION |
| Extent |
247 p. ; |
| Dimensions |
20 cm |
| 336 ## - CONTENT TYPE |
| Source |
rdacontent |
| Content type term |
text |
| Content type code |
txt |
| 337 ## - MEDIA TYPE |
| Source |
rdamedia |
| Media type term |
unmediated |
| Media type code |
n |
| 338 ## - CARRIER TYPE |
| Source |
rdacarrier |
| Carrier type term |
volume |
| Carrier type code |
nc |
| 590 ## - LOCAL NOTE (RLIN) |
| Local note |
Spec. Coll. Sontag copy is part of a collection (Collection 892). To page this item, use the collection record; to find the collection record, search the title: Books from the library of Susan Sontag. Item is in box 829. Illustrated glazed brown wrappers. |
| 650 #0 - SUBJECT ADDED ENTRY--TOPICAL TERM |
| Topical term or geographic name entry element |
Obsessive-compulsive disorder |
| Form subdivision |
Fiction. |
|
| Topical term or geographic name entry element |
Stalking |
| Geographic subdivision |
England |
| Form subdivision |
Fiction. |
|
| Topical term or geographic name entry element |
Gay men |
| Geographic subdivision |
England |
| Form subdivision |
Fiction. |
| 651 #0 - SUBJECT ADDED ENTRY--GEOGRAPHIC NAME |
| Geographic name |
Chiltern Hills (England) |
| Form subdivision |
Fiction. |
| 942 ## - ADDED ENTRY ELEMENTS (KOHA) |
| Source of classification or shelving scheme |
Library of Congress Classification |
| Koha item type |
Book |
| 948 ## - LOCAL PROCESSING INFORMATION (OCLC); SERIES PART DESIGNATOR (RLIN) |
| Series part designator, SPT (RLIN) |
spc |
| b (OCLC) |
jjf |
| c (OCLC) |
20140331 |
| d (OCLC) |
2+ |